| 000 | 00985cam a2200229 4500 | ||
|---|---|---|---|
| 001 | WB3818-04 | ||
| 008 | 020516n2002 000 0 eng u | ||
| 035 | _a(Sirsi) u117987 | ||
| 245 | _aCosts of DDA | ||
| 260 | _c2002 | ||
| 490 |
_aBCIS Press Release _v May 2002, (2) |
||
| 520 | _aBCIS Audit Price Guide has been developed to provide access consultants information about necessary developements to properly implement the Disability Disscrimination Act 1995. The adjustments must be completed before October 2004. Included are prices for certain items such as doors and ramps. The BCIS Audit Price Guide is available from BCIS at £75 | ||
| 590 | _aWB | ||
| 650 | _aBCIS | ||
| 650 | _aDISABILITY DISCRIMINATION ACT 1995 | ||
| 650 | _aBUILDING ACCESS | ||
| 650 | _aACCESS CONSULTANTS | ||
| 650 | _aMANAGEMENT-BUSINESS MANAGEMENT-DISCRIMINATION-DISABILITY DISCRIMINATION-ACCESSIBILITY | ||
| 650 | _aRAMP | ||
| 690 | _aBUILT ENVIRONMENT-CONSTRUCTION DESIGN | ||
| 942 | _n0 | ||
| 999 |
_c70271 _d70271 |
||